000 00691nam a2200289Ia 4500
005 20260324120230.0
008 008 260324s9999 xx 000 0 eng d
020 _a9781315737065
037 _aEBOOK
040 _aCRL
040 _beng
040 _cCRL
041 _2eng
041 _aeng
084 _qCRL
100 _aLene Foss; David Gibson
_91157749
245 4 _aThe Entrepreneurial University
245 0 _bContext and Institutional Change
260 _bTaylor and Francis
260 _c2015
365 _a
365 _b265
856 _uhttp://www.taylorfrancis.com/books/9781315737065
942 _cEBOOK
999 _c1749175
_d1749175